00424nam a2200157Ia 4500008004100000020001500041041001200056082001600068100001700084245008000101250000800181260003300189300001000222650001800232700001600250221030s9999 xx 000 0 und d a812720918x aEnglish a105.23bSha aR. K. Sharma 0aManagement Accounting : Principles & Practicecby R. K. Sharma, S. K. Gupta a9th bKalani Pub.aNew Delhic2003 a39.21 aBE Management aS. K. Gupta